000
00305nam a22001337a 4500
008
170529b xxu||||| |||| 00| 0 eng d
020
_a
082477812-X
041
_a
eng
080
_a
62
100
_a
27
101
_a
IM
245
_a
SYSTEMS MODELING AND COMPUTER SIMULATION
_c
KHEIR,N.A
942
_2
udc
_c
BK
999
_c
14832
_d
14832